| 000 | 00744nam a22001817a 4500 | ||
|---|---|---|---|
| 003 | BD-DhUL | ||
| 005 | 20170516150735.0 | ||
| 008 | 170516s1999 bg |||| |||| 000 0 ben d | ||
| 040 |
_aBD-DhUL _cBD-DhUL |
||
| 082 |
_a891.444 _bAKM |
||
| 100 | 1 | _aআকবর, হারুন | |
| 245 | 1 | 0 |
_aমূল্যায়নের মানদণ্ডে দানবীর রাগীব আলী / _b _cহারুন আকবর |
| 260 |
_aসিলেট : _bজালালাবাদ লোকসাহিত্য পরিষদ, _c২০০৪। |
||
| 300 |
_a৪৮ পৃ. : _bচিত্র ; _c২২ সেমি। |
||
| 650 | 0 | _aবাংলা প্রবন্ধ। | |
| 650 | 0 | _aBengali Articles. | |
| 942 |
_2ddc _cBK |
||
| 999 |
_c197707 _d197707 |
||